Statistics for 2000's Movie by Screenshot #3

Click here to take the quiz!

General Stats

  • This quiz has been taken 104 times
  • The average score is 13 of 20

Answer Stats

Answer% Correct
Ice Age
97%
Kung Fu Panda
95%
How the Grinch Stole Christmas
94%
Alvin and the Chipmunks
93%
Harry Potter and the Chamber of Secrets
92%
The Notebook
80%
Borat
79%
Casino Royale
69%
Juno
69%
Mamma Mia!
67%
Catch Me If You Can
64%
Shark Tale
60%
Hot Fuzz
53%
Inglourious Basterds
53%
500 Days of Summer
46%
Little Miss Sunshine
46%
In Bruges
40%
Ponyo
36%
Hachi
23%
Synecdoche, New York
5%

Score Distribution

Percentile by Number Answered

Percent of People with Each Score

Your Score History

You have not taken this quiz